000 01315nam1a22003011i 4500
001 RU\INGAK2\INFOCOMM_322\NLR\5000182263
005 20240727000411.0
010 _912000 экз.
035 _a(NLR Aleph) 011045228
090 _a11171835
_c11171835
100 _a20130218d1934 |||y0rusy50 ba
101 0 _ager
102 _aRU
105 _ay z||||
200 1 _aAusgewählte Schriften
_eIn 2 Bänden
_fKarl Marx
_gBesorgt vom Marx-Engels-Lenin-Institut, Moskau
_gUnter Red. von V. Adoratskij
210 _aMoskau
_cVerlagsgenossenschaft ausländischer arbeiter in der Ud SSR
_d1934
215 _a2 т.
_d21 см
300 _aПерев. загл.: Избранные произведения. В 2-х тт.
300 _aВ т. 1 помещены высказывания о Марксе и марксизме В. И. Ленина, И. В. Сталина и воспоминания о Марксе П. Лафарга, В. Либкнехта
517 1 _aИзбранные произведения
_eВ 2-х тт.
_zrus
620 _aМосква
700 1 _aMarx
_bK.
_f1818-1883
_gKarl
701 1 _aEngels
_bF.
_f1820-1895
_gFriedrich
801 1 _aRU
_bInfoComm
_c20130218
801 0 _aRU
_bNLR
_gPSBO
852 _aNLR
_jМЭ 116-И/1-1-1
_y2 экз.
852 _aNLR
_jМЭ 116-И/1-2-1
_y2 экз.
942 _cBOOK